Countries by Priapic Termini Interval - Statistics

General Stats
  • This quiz has been taken 284 times
  • The average score is 15 of 30
Answer Stats
Hint Answer % Correct
4.3" (10.9 cm) China
89%
4.0" (10.2 cm) India
80%
4.3" (10.9 cm) Japan
78%
3.8" (9.7 cm) South Korea
78%
3.8" (9.7 cm) North Korea
74%
4.5" (11.5 cm) Vietnam
69%
4.0" (10.2 cm) Thailand
66%
4.0" (10.0 cm) Cambodia
62%
7.1" (17.9 cm) Congo
62%
4.4" (11.5 cm) Malaysia
60%
6.2" (16.1 cm) Brazil
58%
4.6" (10.7 cm) Myanmar
58%
4.5" (11.5 cm) Singapore
54%
4.4" (11.2 cm) Bangladesh
53%
4.2" (10.8 cm) Taiwan
53%
4.2" (10.9 cm) Philippines
47%
6.7" (17.0 cm) Colombia
44%
6.7" (17.3 cm) Ghana
40%
6.3" (16.0 cm) Peru
40%
6.4" (16.5 cm) Sudan
40%
6.5" (16.7 cm) Cameroon
39%
6.7" (17.0 cm) Venezuela
39%
4.3" (10.9 cm) Sri Lanka
36%
6.9" (17.8 cm) Ecuador
35%
6.5" (16.5 cm) Bolivia
30%
6.3" (16.2 cm) Benin
27%
6.4" (16.3 cm) Panama
22%
6.4" (16.3 cm) Jamaica
18%
6.6" (16.8 cm) Lebanon
11%
6.5" (16.5 cm) Hungary
9%
No matching quizzes found
Score Distribution
Percent of People with Each Score
Percentile by Number Answered
Your Score History
You have not taken this quiz